Իմ Երևան = (Record no. 126989)
[ view plain ]
| 000 -LEADER | |
|---|---|
| fixed length control field | 01352nam a2200289 a 4500 |
| 001 - CONTROL NUMBER | |
| control field | 000336725 |
| 003 - CONTROL NUMBER IDENTIFIER | |
| control field | AM-YeHGA |
| 005 - DATE AND TIME OF LATEST TRANSACTION | |
| control field | 20250618072113.0 |
| 008 - FIXED-LENGTH DATA ELEMENTS--GENERAL INFORMATION | |
| fixed length control field | 040520s2002 ai 000 | arm d |
| 020 ## - INTERNATIONAL STANDARD BOOK NUMBER | |
| International Standard Book Number | 9993090204 |
| 040 ## - CATALOGING SOURCE | |
| Original cataloging agency | AM-YeHGA |
| 041 1# - LANGUAGE CODE | |
| Language code of text/sound track or separate title | arm |
| Language code of original | rus |
| -- | eng |
| 090 ## - LOCALLY ASSIGNED LC-TYPE CALL NUMBER (OCLC); LOCAL CALL NUMBER (RLIN) | |
| -- | 128352 |
| 245 00 - TITLE STATEMENT | |
| Title | Իմ Երևան = |
| Remainder of title | Мой Ереван = My Yerevan : [Գրքում հավաքված են մոտ 255 լուսանկարներ, որոնք պատկերում են Երևանը 1890-2001 թթ.] / |
| Statement of responsibility, etc. | Ծրագրի հեղ. և ղեկ.՝ Գ. Զաքոյան; Լուսանկ.՝ Մ. Սիվասլյան; Տեքստի հեղ.՝ Վ. Նավասարդյան. |
| 246 31 - VARYING FORM OF TITLE | |
| Title proper/short title | Мой Ереван |
| 246 31 - VARYING FORM OF TITLE | |
| Title proper/short title | My Yerevan |
| 260 ## - PUBLICATION, DISTRIBUTION, ETC. | |
| Place of publication, distribution, etc. | Երևան : |
| Name of publisher, distributor, etc. | Ակնալիս, |
| Date of publication, distribution, etc. | 2002 |
| Place of manufacture | լազերային սկավառակ |
| 300 ## - PHYSICAL DESCRIPTION | |
| Extent | 211 էջ : |
| Other physical details | լուսանկ. ; |
| Dimensions | 30 սմ. |
| 504 ## - BIBLIOGRAPHY, ETC. NOTE | |
| Bibliography, etc. note | Լուսանկ.` էջ 21-211 |
| 546 ## - LANGUAGE NOTE | |
| Language note | Տեքստը` հայ., ռուս. և օտար լեզ. |
| 610 14 - SUBJECT ADDED ENTRY--CORPORATE NAME | |
| Corporate name or jurisdiction name as entry element | Երևան |
| 9 (RLIN) | 61 |
| 650 14 - SUBJECT ADDED ENTRY--TOPICAL TERM | |
| Topical term or geographic name entry element | Հայաստանի առանձին վայրերի պատմություն |
| Geographic subdivision | Երևան |
| 650 14 - SUBJECT ADDED ENTRY--TOPICAL TERM | |
| Topical term or geographic name entry element | Քաղաքաշինություն |
| Geographic subdivision | Երևան |
| 650 14 - SUBJECT ADDED ENTRY--TOPICAL TERM | |
| Topical term or geographic name entry element | Հայաստանի քաղաքներ |
| 9 (RLIN) | 5294 |
| 700 1# - ADDED ENTRY--PERSONAL NAME | |
| Personal name | Սիվասլյան, Մաքս |
| Relator term | նկ. |
| Relationship | art |
| 700 1# - ADDED ENTRY--PERSONAL NAME | |
| Personal name | Նավասարդյան, Վահան |
| Relator term | տեքստի հեղ. |
| Relationship | aut |
| Withdrawn status | Lost status | Damaged status | Not for loan | Collection | Home library | Current library | Date acquired | Total checkouts | Full call number | Barcode | Date last seen | Price effective from | Koha item type | Public note |
|---|---|---|---|---|---|---|---|---|---|---|---|---|---|---|
| General | Fundamental Scientific Library | Fundamental Scientific Library | 22/12/2016 | 947.925(084) | 230007384 | 22/12/2016 | 22/12/2016 | Գրքեր / Books | 30 Days Loan |
ՀՀ Գիտությունների ազգային ակադեմիայի հիմնարար գիտական գրադարան = Fundamental Scientific Library of NAS RA
All site content, except where otherwise noted, is licensed under a